| 000 | 00826nam a2200253 a 4500 | ||
|---|---|---|---|
| 001 | BRCA_6888 | ||
| 005 | 20190320205629.0 | ||
| 008 | 111111s1860----u--a######---#000-0#eng-# | ||
| 041 | _aeng | ||
| 044 | _au | ||
| 050 | 4 |
_aF454 _b.H56 1860 |
|
| 100 | 1 |
_aHill, George Canning _d1825-1898 _917157 |
|
| 245 | 1 | 0 |
_aDaniel Boone _bthe pionner of Kentucky : a biography _cby George Canning Hill. |
| 260 |
_aNueva York _bManson Brothers _c1860 |
||
| 300 |
_aviii, 262 p. _bil. _c18 cm. |
||
| 440 | 0 |
_aAmerican Biography _917158 |
|
| 500 | _aEstado físico: partes del lomo desprendidas, al igual que algunas páginas | ||
| 500 | _aO86 | ||
| 600 | 1 | 4 |
_aBoone, Daniel _d1734-1820 _917159 |
| 651 | 4 |
_aKentucky _xHistoria _yHasta 1792 _917160 |
|
| 651 | 4 |
_aEstados Unidos _xHistoria _yHasta 1792 _917161 |
|
| 902 | _aGFM | ||
| 942 |
_2lcc _cB |
||
| 999 |
_c6570 _d6570 |
||